| 000 | 02168cam a2200289 a 4500 | ||
|---|---|---|---|
| 001 | 16666170 | ||
| 005 | 20201128021213.0 | ||
| 008 | 110223t2011 xxuak fr 001 0 eng d | ||
| 020 | _a0071606386 (pbk. : alk. paper) | ||
| 020 | _a9780071606387 (pbk. : alk. paper) | ||
| 040 |
_aDNLM/DLC _cDLC _dQBX _dNLM _dBTCTA _dYDXCP _dBWX _dIXA _dDLC _dEG-ScBUE |
||
| 082 | 0 | 0 |
_a610.736 _222 _bTER |
| 100 | 1 |
_aTerry, Cynthia Lee _937420 |
|
| 245 | 1 | 0 |
_aCritical care nursing demystified / _cCynthia L. Terry, Aurora L. Weaver. |
| 260 |
_aNew York, United States : _bMcGraw Hill Medical, _cc.2011. |
||
| 300 |
_axiv, 479 p. : _bforms, tables ; _c24 cm. |
||
| 500 | _aIndex : p. 461-479. | ||
| 500 | _aIncludes more than 250 NCLEX-style questions. Simple enough for students, but complex enough for RNs working in critical care, Critical care nursing demystified is a reader-friendly, focused review of the essentials of this difficult subject. The book includes learning objectives, key terms, and NCLEX-style questions at the end of each chapter. Featured learning objectives are introduced in each chapter, and then identified (through the key icon) wherever they occur in the chapter. Key terms included at the beginning of each chapter for quick review and mastery. NCLEX-style questions are at the end of every chapter for focused practice and study. All measurements are in SI units. The content you need to understand this complex subject-Provided by publisher. | ||
| 505 | 0 | _aThe critical care nurse-Care of the patient with critical respiratory needs-Care of the patient with critical cardiac and vascular needs-Care of the patient with critical cardiac rhythm disturbance needs-Care of the patient with neurological needs-Care of the traumatized patient-Care of the patient with endocrine disorders -Care of the patient with critical renal needs-Care of the patient with critical hematologic needs. | |
| 650 | 0 |
_aIntensive care nursing _92174 |
|
| 650 | 0 |
_aCritical Care _xmethods _927317 |
|
| 650 | 2 | 2 |
_aNursing Care _xmethods _928926 |
| 653 |
_bNNUR _cFebruary2015 |
||
| 655 |
_vreading book _934232 |
||
| 700 | 1 |
_aWeaver, Aurora L. _937421 |
|
| 942 |
_2ddc _k610.736 TER |
||
| 999 |
_c18983 _d18955 |
||